000 00802nam a2200253Ia 4500
003 OSt
005 20220923225315.0
006 a|||||r|||| 00| 0
007 ta
008 220922b |||||||| |||| 00| 0 hin d
024 _a262,543
037 _cTextual
040 _aARTS
_cARTS
_bhin
041 _2hin
_ahin
082 _aO152,3N51x, N1
100 _aघोटड़, रामकुमार
245 0 _aअंधेरों की झलक
246 _aAandheroan kī zalaka
260 _aबीकानेर
_b कविता प्रकाशन
_c1991
300 _a70पृ.
_ccm.
650 _aहिन्दी साहित्य
_9156264
942 _hO152,3N51x, N1
_cTEXL
_2CC
999 _c377426
_d377426